Ghost bears : exploring the biodiversity crisis

Αποθηκεύτηκε σε:
Λεπτομέρειες βιβλιογραφικής εγγραφής
Κύριος συγγραφέας: Grumbine, Edward R.
Μορφή: Βιβλίο
Γλώσσα:English
Δημοσίευση: Washington : Island , 1992
Θέματα:
Ετικέτες: Προσθήκη ετικέτας
Δεν υπάρχουν, Καταχωρήστε ετικέτα πρώτοι!

MARC

LEADER 00000nam a2200000 i 4500
001 1/96912
008 950125s1992 eng d
020 |a 1-55963-151-1 
035 |l 10010361 
040 |a GR-MY-UA  |b gre  |e aacr 
041 0 |a eng 
082 0 |a 333.95 
100 1 |a Grumbine, Edward R. 
245 1 0 |a Ghost bears :  |b exploring the biodiversity crisis /  |c R. Edward Grumbine ; Foreword by Michael E.Soule 
260 |a Washington :   |b Island ,   |c 1992 
300 |a 294 p.  |b fig. 
504 |a Includes bibliographical references and index. 
650 0 0 |a Biological diversity conservation  |x Philosophy. 
650 0 0 |a Environmental ethics. 
852 |a INST  |b LESVOS  |e 19950125  |h 333.95 GRU  |p 005100003160  |q 005100003160  |t BK  |y 0 
909 |a Λ  |b 038461